000 00817nam a2200205Ia 4500
003 GCL
008 140319s9999 xx 000 0 ara d
040 _aGCL /
_cGCL
082 0 4 _a947.085
_bح م
100 1 _aحسبولاتوف، رسلان
245 1 0 _aالمواجهة الدامية :
_bشهادة للتاريخ عن انهيار الاتحاد السوفيتى /
_cحسبولاتوف، رسلان
700 1 _aابوبكر يوسف
260 _aالقاهرة :
_bمركز الاهرام للترجمة والنشر ،
_c1996
300 _a362 ص ؛
_c24 سم
650 0 4 _aالاتحاد السوفيتى
650 0 4 _aاتحاد الجمهوريات السوفيتية
650 0 4 _aالاتحاد السوفيتى - تاريخ
650 0 4 _aالعصر الحديث - تفكك
942 _2ddc
_cBK
999 _c47982
_d47982